Säugetiere Deutschlands (wissenschaftlicher name) - Statistiken

Allgemein
  • Dieses Quiz wurde 6 mal gespielt
  • Das Durchschnittsergebnis liegt bei 40 aus 115
Antwortstatistiken
Ordnung Art deutscher Name % Korrekt
Carnivora (Raubtiere) Canis lupus Wolf
100%
Rodentia (Nagetiere) Castor fiber Eurasischer Biber
100%
Carnivora (Raubtiere) Lynx lynx Eurasischer Luchs
100%
Rodentia (Nagetiere) Mus musculus Hausmaus
100%
Rodentia (Nagetiere) Rattus norvegicus Wanderratte
100%
Rodentia (Nagetiere) Rattus rattus Hausratte
100%
Cetartiodactyla (Wale & Paarhufer) Rupicapra rupicapra Alpen-Gämse
100%
Carnivora (Raubtiere) Ursus arctos Braunbär
100%
Carnivora (Raubtiere) Vulpes vulpes Rotfuchs
100%
Cetartiodactyla (Wale & Paarhufer) Alces alces Elch
50%
Rodentia (Nagetiere) Apodemus flavicollis Gelbhalsmaus
50%
Rodentia (Nagetiere) Apodemus sylvaticus Waldmaus
50%
Rodentia (Nagetiere) Arvicola amphibius Ostschermaus
50%
Cetartiodactyla (Wale & Paarhufer) Balaenoptera borealis Seiwal
50%
Cetartiodactyla (Wale & Paarhufer) Balaenoptera musculus Blauwal
50%
Chiroptera (Fledertiere) Barbastella barbastellus Mopsfledermaus
50%
Cetartiodactyla (Wale & Paarhufer) Bos bonasus Wisent
50%
Carnivora (Raubtiere) Canis aureus Goldschakal
50%
Cetartiodactyla (Wale & Paarhufer) Capra ibex Alpen-Steinbock
50%
Cetartiodactyla (Wale & Paarhufer) Capreolus capreolus Reh
50%
Cetartiodactyla (Wale & Paarhufer) Cervus elaphus Rothirsch
50%
Rodentia (Nagetiere) Clethrionomys glareolus Rötelmaus
50%
Rodentia (Nagetiere) Cricetus cricetus Feldhamster
50%
Eulipotyphla (Insektenfresser) Crocidura leucodon Feldspitzmaus
50%
Eulipotyphla (Insektenfresser) Crocidura russula Hausspitzmaus
50%
Cetartiodactyla (Wale & Paarhufer) Dama dama Damhirsch
50%
Cetartiodactyla (Wale & Paarhufer) Delphinus delphis Gewöhnlicher Delfin
50%
Rodentia (Nagetiere) Eliomys quercinus Gartenschläfer
50%
Chiroptera (Fledertiere) Eptesicus serotinus Eigentliche Breitflügelfledermaus
50%
Eulipotyphla (Insektenfresser) Erinaceus europaeus Braunbrustigel
50%
Carnivora (Raubtiere) Felis silvestris Wildkatze
50%
Rodentia (Nagetiere) Glis glis Siebenschläfer
50%
Lagomorpha (Hasenartige) Lepus europaeus Feldhase
50%
Lagomorpha (Hasenartige) Lepus timidus Schneehase
50%
Carnivora (Raubtiere) Lutra lutra Eurasischer Fischotter
50%
Rodentia (Nagetiere) Marmota marmota Alpen-Murmeltier
50%
Carnivora (Raubtiere) Martes foina Steinmarder
50%
Carnivora (Raubtiere) Martes martes Baummarder
50%
Carnivora (Raubtiere) Meles meles Europäischer Dachs
50%
Rodentia (Nagetiere) Microtus agrestis Erdmaus
50%
Rodentia (Nagetiere) Microtus arvalis Feldmaus
50%
Rodentia (Nagetiere) Microtus bavaricus Bayerische Kurzohrmaus
50%
Rodentia (Nagetiere) Microtus oeconomus Nordische Wühlmaus
50%
Carnivora (Raubtiere) Mustela erminea Hermelin
50%
Carnivora (Raubtiere) Mustela nivalis Mauswiesel
50%
Carnivora (Raubtiere) Mustela putorius Waldiltis
50%
Rodentia (Nagetiere) Myocaster coypus Nutria
50%
Chiroptera (Fledertiere) Myotis dasycneme Teichfledermaus
50%
Chiroptera (Fledertiere) Myotis myotis Großes Mausohr
50%
Carnivora (Raubtiere) Neogale vison Amerikanischer Nerz/ Mink
50%
Eulipotyphla (Insektenfresser) Neomys anomalus Sumpfspitzmaus
50%
Eulipotyphla (Insektenfresser) Neomys fodiens Wasserspitzmaus
50%
Chiroptera (Fledertiere) Nyctalus leisleri Kleiner Abendsegler
50%
Chiroptera (Fledertiere) Nyctalus noctula Großer Abendsegler
50%
Carnivora (Raubtiere) Nyctereutes procyonoides Marderhund
50%
Rodentia (Nagetiere) Ondatra zibethicus Bisamratte
50%
Cetartiodactyla (Wale & Paarhufer) Orcinus orca Schwertwal
50%
Lagomorpha (Hasenartige) Oryctolagus cuniculus Wildkaninchen
50%
Chiroptera (Fledertiere) Pipistrellus kuhlii Weißrandfledermaus
50%
Chiroptera (Fledertiere) Pipistrellus pipistrellus Zwergfledermaus
50%
Chiroptera (Fledertiere) Pipistrellus pygmaeus Mückenfledermaus
50%
Chiroptera (Fledertiere) Plecotus auritus Braunes Langohr
50%
Carnivora (Raubtiere) Procyon lotor Waschbär
50%
Carnivora (Raubtiere) Pusa hispida Ringelrobbe
50%
Rodentia (Nagetiere) Sciurus vulgaris Eurasisches Eichhörnchen
50%
Eulipotyphla (Insektenfresser) Sorex araneus Waldspitzmaus
50%
Eulipotyphla (Insektenfresser) Sorex minutus Zwergspitzmaus
50%
Cetartiodactyla (Wale & Paarhufer) Sus scrofa Wildschwein
50%
Eulipotyphla (Insektenfresser) Talpa europaea Maulwurf
50%
Cetartiodactyla (Wale & Paarhufer) Tursiops truncatus Großer Tümmler
50%
Rodentia (Nagetiere) Apodemus agrarius Brandmaus
0%
Rodentia (Nagetiere) Apodemus alponica Alpenwaldmaus
0%
Cetartiodactyla (Wale & Paarhufer) Balaenoptera acutorostrata Nördlicher Zwergwal
0%
Cetartiodactyla (Wale & Paarhufer) Balaenoptera physalus Finnwal
0%
Cetartiodactyla (Wale & Paarhufer) Cervus nippon Sikahirsch
0%
Rodentia (Nagetiere) Chionomys syriacus Schneemaus
0%
Eulipotyphla (Insektenfresser) Crocidura suaveolens Gartenspitzmaus
0%
Rodentia (Nagetiere) Dryomys nitedula Baumschläfer
0%
Chiroptera (Fledertiere) Eptesicus nilssonii Nordfledermaus
0%
Rodentia (Nagetiere) Eutamias sibiricus Burunduk
0%
Cetartiodactyla (Wale & Paarhufer) Globicephala melas Langflossen-Grindwal
0%
Cetartiodactyla (Wale & Paarhufer) Grampus griseus Rundkopfdelfin
0%
Carnivora (Raubtiere) Halichoerus grypus Kegelrobbe
0%
Cetartiodactyla (Wale & Paarhufer) Hyperoodon amphullatus Nördlicher Entenwal
0%
Chiroptera (Fledertiere) Hypsugo savii Alpenfledermaus
0%
Cetartiodactyla (Wale & Paarhufer) Kogia breviceps Zwergpottwal
0%
Cetartiodactyla (Wale & Paarhufer) Lagenorhynchus albirostris Weißschnauzendelfin
0%
Cetartiodactyla (Wale & Paarhufer) Leucopleurus acutus Atlantik-Weißseitendelfin
0%
Cetartiodactyla (Wale & Paarhufer) Megaptera novaeanglidae Buckelwal
0%
Cetartiodactyla (Wale & Paarhufer) Mesoplodon bidens Sowerby-Zweizahnwal
0%
Rodentia (Nagetiere) Micromys minutus Eurasische Zwergmaus
0%
Rodentia (Nagetiere) Microtus liechtensteini Illyrische Kleinwühlmaus
0%
Rodentia (Nagetiere) Microtus subterraneus Kurzohrmaus
0%
Chiroptera (Fledertiere) Miniopterus schreibersii Eigentliche Langflügelfledermaus
0%
Rodentia (Nagetiere) Muscardinus avellanarius Haselmaus
0%
Chiroptera (Fledertiere) Myotis alcathoe Nymphenfledermaus
0%
Chiroptera (Fledertiere) Myotis bechsteini Bechstein-Fledermaus
0%
Chiroptera (Fledertiere) Myotis brandti Große Brantfledermaus
0%
Chiroptera (Fledertiere) Myotis daubentoni Wasserfledermaus
0%
Chiroptera (Fledertiere) Myotis emarginatus Wimperfledermaus
0%
Chiroptera (Fledertiere) Myotis mystacinus Kleine Bartfledermaus
0%
Chiroptera (Fledertiere) Myotis nattereri Fransenfledermaus
0%
Carnivora (Raubtiere) Phoca vitulina Seehund
0%
Cetartiodactyla (Wale & Paarhufer) Phocoena phocoena Schweinswal
0%
Chiroptera (Fledertiere) Pipistrellus nathusii Rauhautfledermaus
0%
Chiroptera (Fledertiere) Plecotus austriacus Graues Langohr
0%
Chiroptera (Fledertiere) Plecotus macrobullaris Alpen-Langohr
0%
Cetartiodactyla (Wale & Paarhufer) Pseudorca crassidens Kleiner Schwertwal
0%
Chiroptera (Fledertiere) Rhinolophus ferrumequinum Große Hufeisennase
0%
Chiroptera (Fledertiere) Rhinolophus hipposideros Kleine Hufeisennase
0%
Rodentia (Nagetiere) Sicista betulina Waldbirkenmaus
0%
Eulipotyphla (Insektenfresser) Sorex alpinus Alpenspitzmaus
0%
Eulipotyphla (Insektenfresser) Sorex coronatus Schabrackenspitzmaus
0%
Cetartiodactyla (Wale & Paarhufer) Stennella coeruleoalba Streifendelfin
0%
Chiroptera (Fledertiere) Vespertilio murinus Zweifarbenfledermaus
0%
Keine übereinstimmenden Quizze gefunden
Verteilung der Resultate
Anzahl Personen mit jedem Resultat
Perzentil nach korrekt beantworteten Fragen
Ihre Resultats-Entwicklung
Sie haben dieses Quiz noch nicht gespielt